000 00358nam a2200133Ia 4500
005 20260328104250.0
008 260328s9999||||xx |||||||||||||| ||und||
100 _aUniversidad de Zulia
245 0 _aArquitectura y Urbanismo en el trĂ³pico /
_cUniversidad de Zulia
260 _buniversidad de Zulia
300 _a62 p.
650 _aHISTORIA
942 _cBK
999 _c10199
_d10199